000 00515pab a2200169 454500
008 180718b2006 xxu||||| |||| 00| 0 eng d
100 _aBornstein, Lisa
245 _aSystems of accountability, webs of deceit? Monitoring and evaluation in South African NGOs
260 _c2006
300 _ap.52-61.
362 _aJun
650 _aAccountability - South Africa
650 _aNongovernmental organizations - South Africa
650 _aNongovernmental organizations
773 _aDevelopment
909 _a71504
999 _c71504
_d71504